[Event "Quebec-ch"]
[Site "Montreal CAN"]
[Date "1999.06.22"]
[Round "1.2"]
[White "Leriche, Felix"]
[Black "Charbonneau, Pascal"]
[Result "1-0"]
[WhiteElo "2177"]
[BlackElo "2299"]
[PlyCount "97"]
[GameId "2160767911743330"]
[EventDate "1999.06.05"]
[EventType "k.o."]
[EventRounds "4"]
[EventCountry "CAN"]

1. e4 c5 2. Nf3 Nc6 3. d4 cxd4 4. Nxd4 g6 5. c4 Nf6 6. Nc3 d6 7. Be2 Nxd4 8. Qxd4 Bg7 9. O-O O-O 10. Bg5 Qa5 11. Qd2 Be6 12. Rac1 Rfc8 13. b3 a6 14. f3 b5 15. cxb5 axb5 16. Be3 Rxc3 17. Qxc3 Qxc3 18. Rxc3 Ng4 19. Bd2 Bd4+ 20. Kh1 Nf2+ 21. Rxf2 Bxf2 22. Rc2 b4 23. g3 Bc5 24. Kg2 f5 25. Bd3 Kf7 26. Kf1 Kf6 27. Ke2 fxe4 28. Bxe4 Ra5 29. Bc6 Bf5 30. Be4 Be6 31. g4 h5 32. h3 hxg4 33. fxg4 d5 34. Bd3 Bd7 35. a3 Bd6 36. Bxb4 Bxb4 37. axb4 Ra3 38. Rc7 Ke6 39. Bxg6 Bb5+ 40. Kd2 Rxb3 41. Rb7 Bc6 42. Rb6 Kd7 43. b5 Bxb5 44. Bc2 Kc7 45. Bxb3 Kxb6 46. h4 Kc5 47. h5 Kd4 48. h6 Bd3 49. Bc2 1-0

[Event "Laval XVI"]
[Site "Laval CAN"]
[Date "1999.04.16"]
[Round "1"]
[White "Lacroix, Serge"]
[Black "Charbonneau, Pascal"]
[Result "0-1"]
[WhiteElo "1982"]
[BlackElo "2375"]
[PlyCount "76"]
[GameId "2160767911805189"]
[EventDate "1999.04.16"]
[EventType "swiss"]
[EventRounds "5"]
[EventCountry "CAN"]

1. e4 c5 2. Nf3 Nc6 3. d4 cxd4 4. Nxd4 g6 5. Nc3 Bg7 6. Be3 Nf6 7. Bc4 Qa5 8. Qd2 Qb4 9. Nxc6 bxc6 10. Qd3 d5 11. exd5 Nxd5 12. Bxd5 cxd5 13. Qb5+ Qxb5 14. Nxb5 Rb8 15. a4 a6 16. Nc7+ Kf8 17. Nxd5 Rxb2 18. O-O f5 19. c3 Kf7 20. Rab1 Rc2 21. Rfc1 Rxc1+ 22. Rxc1 Bb7 23. Nb6 Rd8 24. c4 e5 25. f4 exf4 26. Bc5 Rd2 27. Re1 Be4 28. g4 Rg2+ 29. Kf1 f3 30. Rd1 Be5 31. Rd7+ Kf6 32. Be7+ Ke6 33. Bd8 Bd6 34. gxf5+ gxf5 35. Bh4 Bd3+ 36. Ke1 Bb4+ 37. Kd1 Rg1+ 38. Be1 Rxe1# 0-1

[Event "Laval XVI"]
[Site "Laval CAN"]
[Date "1999.04.17"]
[Round "2"]
[White "Charbonneau, Pascal"]
[Black "Bouchard, Jean-Marc"]
[Result "1-0"]
[WhiteElo "2375"]
[BlackElo "2073"]
[PlyCount "103"]
[GameId "2160767911805194"]
[EventDate "1999.04.16"]
[EventType "swiss"]
[EventRounds "5"]
[EventCountry "CAN"]

1. e4 c6 2. d4 d5 3. exd5 cxd5 4. c4 Nf6 5. Nc3 g6 6. Qb3 Bg7 7. cxd5 O-O 8. Be2 Nbd7 9. Bf3 Nb6 10. Nge2 Bf5 11. O-O Bd3 12. d6 Bc4 13. Qc2 Qxd6 14. Bxb7 Rad8 15. Bf4 Qd7 16. Bf3 Bxe2 17. Nxe2 Nfd5 18. Bg3 Nb4 19. Qb3 Nc6 20. Rfd1 Na5 21. Qb4 Nac4 22. b3 Nd6 23. Rac1 Rc8 24. Be5 Rxc1 25. Rxc1 Bxe5 26. dxe5 Nf5 27. g3 Rc8 28. Rxc8+ Nxc8 29. Qb7 Nb6 30. Kg2 Kf8 31. a4 Qxb7 32. Bxb7 a5 33. b4 Nc4 34. bxa5 Nxa5 35. Be4 Nc4 36. g4 Ng7 37. f4 Ne6 38. Bd3 Na5 39. Kf3 Nc5 40. Bb5 f6 41. exf6 exf6 42. Nd4 Ke7 43. Nc6+ Nxc6 44. Bxc6 Nb3 45. Bb5 Kd6 46. h4 Na5 47. g5 f5 48. Ke3 Kd5 49. Kd3 Nb7 50. Bc4+ Kd6 51. Kd4 Nd8 52. Bd5 1-0

[Event "Laval XVI"]
[Site "Laval CAN"]
[Date "1999.04.17"]
[Round "4"]
[White "Charbonneau, Pascal"]
[Black "Wenaas, Eric"]
[Result "1/2-1/2"]
[WhiteElo "2299"]
[BlackElo "2116"]
[PlyCount "122"]
[GameId "2160767911805198"]
[EventDate "1999.04.16"]
[EventType "swiss"]
[EventRounds "5"]
[EventCountry "CAN"]
[SourceTitle "EXT 2002"]
[Source "ChessBase"]
[SourceDate "2001.11.25"]
[SourceVersion "1"]
[SourceVersionDate "2001.11.25"]
[SourceQuality "1"]

1. e4 e5 2. Nf3 Nc6 3. d4 exd4 4. Bc4 Nf6 5. e5 d5 6. Bb5 Ne4 7. Nxd4 Bd7 8. Bxc6 bxc6 9. O-O Be7 10. f3 Nc5 11. Nc3 O-O 12. Be3 Ne6 13. Nxe6 Bxe6 14. Na4 f6 15. exf6 Bxf6 16. c3 a5 17. Qd2 Re8 18. Bd4 Rb8 19. Rae1 Bf7 20. Rxe8+ Bxe8 21. b3 Bf7 22. Re1 Qd6 23. Bc5 Qd7 24. Qf4 Re8 25. Rxe8+ Qxe8 26. Kf2 Be5 27. Qe3 Bd6 28. Bxd6 Qxe3+ 29. Kxe3 cxd6 30. Nb6 Be6 31. b4 axb4 32. cxb4 d4+ 33. Kxd4 Bxa2 34. Nc8 c5+ 35. bxc5 dxc5+ 36. Kxc5 Kf7 37. Kd6 Bc4 38. Ke5 Bf1 39. Nd6+ Kf8 40. g4 Be2 41. Ke4 Bd1 42. h3 Be2 43. f4 Bd1 44. Ke5 Be2 45. g5 Bd1 46. f5 Be2 47. h4 Bd1 48. Ne4 Bc2 49. h5 Bb1 50. Nc5 Bc2 51. Ne6+ Kg8 52. f6 gxf6+ 53. gxf6 Bd1 54. h6 Bb3 55. Ng5 Ba2 56. Kd6 Bb3 57. Ke7 Ba2 58. Nf3 Bb3 59. Nd4 Ba2 60. Nf5 Bb3 61. Ke8 Bf7+ 1/2-1/2

[Event "Laval XVI"]
[Site "Laval CAN"]
[Date "1999.04.18"]
[Round "5"]
[White "Fillion, Steve"]
[Black "Charbonneau, Pascal"]
[Result "0-1"]
[WhiteElo "2150"]
[BlackElo "2375"]
[PlyCount "88"]
[GameId "2160767911805204"]
[EventDate "1999.04.16"]
[EventType "swiss"]
[EventRounds "5"]
[EventCountry "CAN"]

1. Nf3 d5 2. d4 Nf6 3. c4 dxc4 4. Qa4+ c6 5. Qxc4 Bf5 6. g3 e6 7. Bg2 Be7 8. O-O O-O 9. Nc3 Nbd7 10. Bg5 h6 11. Bxf6 Nxf6 12. Ne5 Qb6 13. e4 Bh7 14. Rfd1 Rac8 15. a3 Rfd8 16. b4 Ne8 17. Na4 Qc7 18. Nc5 Nd6 19. Qb3 b6 20. Nxe6 fxe6 21. Qxe6+ Kh8 22. Rac1 Qb7 23. b5 cxb5 24. d5 Rxc1 25. Rxc1 Bf8 26. f4 Re8 27. Ng6+ Bxg6 28. Qxg6 Qf7 29. Qxf7 Nxf7 30. Rc7 Bc5+ 31. Kf1 Re7 32. Rc8+ Kh7 33. e5 g6 34. Rc6 Nd8 35. Rf6 Rf7 36. Rxf7+ Nxf7 37. d6 Nd8 38. Bd5 Bxa3 39. g4 Kg7 40. f5 gxf5 41. gxf5 Bxd6 42. f6+ Kg6 43. Be4+ Kf7 44. Bd5+ Ne6 0-1

[Event "Mauricie op"]
[Site "Trois-Rivieres CAN"]
[Date "1999.03.19"]
[Round "1"]
[White "Bouchard, Jean-Marc"]
[Black "Charbonneau, Pascal"]
[Result "0-1"]
[WhiteElo "2035"]
[BlackElo "2340"]
[PlyCount "100"]
[GameId "2160767911805349"]
[EventDate "1999.03.19"]
[EventType "swiss"]
[EventRounds "5"]
[EventCountry "CAN"]

1. d4 d5 2. Nf3 Nf6 3. g3 g6 4. Bg2 Bg7 5. O-O O-O 6. c4 dxc4 7. Qa4 Nd5 8. Qxc4 Nb6 9. Qc2 Nc6 10. Rd1 Bf5 11. Qd2 e5 12. dxe5 Qe7 13. Qg5 f6 14. exf6 Bxf6 15. Qe3 Qxe3 16. fxe3 Rad8 17. Rxd8 Rxd8 18. Nbd2 Na4 19. e4 Be6 20. e5 Nxe5 21. Nxe5 Bxe5 22. Bxb7 Bd4+ 23. Kf1 Nxb2 24. Nb3 Rf8+ 25. Bf4 Bxb3 26. axb3 g5 27. e3 Bxe3 28. Ke2 gxf4 29. gxf4 Bxf4 30. Be4 h6 31. h3 Bd6 32. Rxa7 Rf2+ 33. Ke1 Rh2 34. Ra8+ Kg7 35. Kf1 Rxh3 36. Bd5 Nd1 37. Rg8+ Kh7 38. Ke1 Re3+ 39. Kd2 Bb4+ 40. Kxd1 Rd3+ 41. Ke2 Rxd5 42. Rg4 Bd6 43. Rc4 h5 44. Ke3 Rb5 45. Rc3 h4 46. Kf3 Kg6 47. Kg2 Rg5+ 48. Kh1 Rg3 49. Rc4 Kg5 50. b4 Rb3 0-1

[Event "Mauricie op"]
[Site "Trois-Rivieres CAN"]
[Date "1999.03.20"]
[Round "2"]
[White "Charbonneau, Pascal"]
[Black "Soudre, Nicolas"]
[Result "1-0"]
[WhiteElo "2340"]
[BlackElo "2147"]
[PlyCount "72"]
[GameId "2160767911805354"]
[EventDate "1999.03.19"]
[EventType "swiss"]
[EventRounds "5"]
[EventCountry "CAN"]

1. e4 e6 2. d4 d5 3. Nd2 Nf6 4. e5 Nfd7 5. f4 c5 6. c3 Nc6 7. Ndf3 cxd4 8. cxd4 Qb6 9. a3 Be7 10. b4 f5 11. Bb2 Nf8 12. Bd3 Bd7 13. Bb1 Rc8 14. Ne2 a6 15. O-O Na7 16. Nc3 Qd8 17. h3 h5 18. g3 Ng6 19. Qd2 Nb5 20. Ne2 Nc7 21. Rf2 Nf8 22. Rg2 Bb5 23. Bc2 Qd7 24. Nc3 Bc6 25. g4 g6 26. gxf5 gxf5 27. Rg7 Kd8 28. Ng5 Ne8 29. Rf7 Rg8 30. a4 b5 31. Qg2 Ng6 32. Bd1 Nxf4 33. Nxe6+ Qxe6 34. Qxg8 Nxh3+ 35. Kh2 Ng5 36. Rg7 Ne4 1-0

[Event "Mauricie op"]
[Site "Trois-Rivieres CAN"]
[Date "1999.03.20"]
[Round "3"]
[White "St Amand, Paul Jr"]
[Black "Charbonneau, Pascal"]
[Result "0-1"]
[WhiteElo "2093"]
[BlackElo "2340"]
[PlyCount "58"]
[GameId "2160767911805363"]
[EventDate "1999.03.19"]
[EventType "swiss"]
[EventRounds "5"]
[EventCountry "CAN"]

1. e4 c5 2. c3 Nf6 3. e5 Nd5 4. d4 cxd4 5. Nf3 e6 6. cxd4 b6 7. Bg5 Be7 8. Bxe7 Qxe7 9. Nbd2 O-O 10. Bc4 Bb7 11. O-O d6 12. Re1 dxe5 13. dxe5 Rd8 14. a3 Nf4 15. Qc2 Nc6 16. Qe4 Nxg2 17. Rec1 Nd4 18. Qg4 Nxf3+ 19. Nxf3 Bxf3 20. Qxf3 Nh4 21. Qf4 Rd4 22. Qg3 Rad8 23. Bf1 Nf5 24. Qf3 Qg5+ 25. Kh1 Nh4 26. Qe3 Qxe3 27. fxe3 Rd2 28. Rc7 Rxb2 29. Rxa7 g5 0-1

[Event "Mauricie op"]
[Site "Trois-Rivieres CAN"]
[Date "1999.03.21"]
[Round "4"]
[White "Schleifer, Michael"]
[Black "Charbonneau, Pascal"]
[Result "0-1"]
[WhiteElo "2417"]
[BlackElo "2340"]
[PlyCount "126"]
[GameId "2160767911805368"]
[EventDate "1999.03.19"]
[EventType "swiss"]
[EventRounds "5"]
[EventCountry "CAN"]

1. e4 c5 2. Nf3 Nc6 3. Bb5 g6 4. O-O Bg7 5. c3 Nf6 6. d3 O-O 7. Re1 d6 8. Na3 Bd7 9. h3 a6 10. Ba4 b5 11. Bb3 Rb8 12. d4 c4 13. Bc2 d5 14. exd5 Nxd5 15. Bg5 f5 16. Bd2 Qa5 17. Bb1 Rfe8 18. Ne5 Nxe5 19. dxe5 e6 20. Nc2 Qc7 21. Qe2 Bf8 22. a3 Bc5 23. Rd1 Bc6 24. Bg5 Nb6 25. Nd4 Bd5 26. Bc2 Nd7 27. f4 Bf8 28. Kh2 Nc5 29. Nf3 Qb7 30. Rd4 a5 31. Nd2 Nd7 32. Nf1 Bc5 33. Rd2 Qc6 34. Ne3 Nb6 35. Rf1 Be4 36. Ng4 Bxc2 37. Nf6+ Kf7 38. Rxc2 Rh8 39. Rd2 h6 40. Bh4 Be7 41. Bf2 Bxf6 42. exf6 Nd5 43. Bd4 Rbd8 44. g4 Nxf4 45. Rxf4 Qc7 46. Be3 Rxd2 47. Qxd2 g5 48. gxf5 gxf4 49. fxe6+ Kxe6 50. Bxf4 Qc5 51. Qe2+ Kxf6 52. Bg3 Qf5 53. Qd2 Kg6 54. Qd6+ Qf6 55. Qd7 Rd8 56. Qg4+ Kh7 57. Qe4+ Kg8 58. Qe3 Qf5 59. h4 h5 60. Qe2 Kf7 61. a4 Re8 62. Qd1 bxa4 63. Qd2 Kg6 0-1

[Event "Quebec-ch U20"]
[Site "Montreal CAN"]
[Date "1999.03.04"]
[Round "1"]
[White "Dumesnil, Etienne"]
[Black "Charbonneau, Pascal"]
[Result "0-1"]
[WhiteElo "2019"]
[BlackElo "2349"]
[PlyCount "78"]
[GameId "2160767911805544"]
[EventDate "1999.03.04"]
[EventType "tourn"]
[EventRounds "7"]
[EventCountry "CAN"]

1. e4 c5 2. Nf3 Nc6 3. d4 cxd4 4. Nxd4 g6 5. Nc3 Bg7 6. Be3 Nf6 7. Bc4 Qa5 8. f3 Qb4 9. Nxc6 bxc6 10. Qd3 d5 11. exd5 Nxd5 12. Bxd5 cxd5 13. Rd1 O-O 14. Qxd5 Be6 15. Qd2 Qxb2 16. Nd5 Rfd8 17. c4 Rxd5 18. cxd5 Bc3 19. dxe6 Rd8 20. Qxc3 Qxc3+ 21. Ke2 Qc4+ 22. Ke1 Rxd1+ 23. Kxd1 Qd3+ 24. Bd2 Qb1+ 25. Bc1 Qxa2 26. Re1 Qxg2 27. Re3 Qh1+ 28. Kd2 Qxh2+ 29. Kd3 Qd6+ 30. Ke2 fxe6 31. Ba3 Qh2+ 32. Kd3 Kf7 33. Bc5 a5 34. Re4 Qg3 35. Re3 h5 36. Ke4 Qg5 37. Ba3 h4 38. Rc3 Qd5+ 39. Kf4 Qd4+ 0-1

[Event "Quebec-ch U20"]
[Site "Montreal CAN"]
[Date "1999.03.04"]
[Round "2"]
[White "Charbonneau, Pascal"]
[Black "Gravel, Simon jr"]
[Result "1-0"]
[WhiteElo "2349"]
[BlackElo "2173"]
[PlyCount "77"]
[GameId "2160767911805548"]
[EventDate "1999.03.04"]
[EventType "tourn"]
[EventRounds "7"]
[EventCountry "CAN"]

1. e4 e5 2. Nf3 Nf6 3. Nxe5 d6 4. Nf3 Nxe4 5. d4 d5 6. Bd3 Be7 7. O-O Nc6 8. c4 Nf6 9. h3 O-O 10. Nc3 Be6 11. c5 b6 12. Bb5 Bd7 13. Be3 Nb4 14. Be2 Ne4 15. Qb3 bxc5 16. Nxd5 Nxd5 17. Qxd5 Nf6 18. Qc4 Rb8 19. dxc5 Rxb2 20. Rfd1 Qb8 21. Nd4 Rb4 22. Qc1 Ba4 23. Nf5 Re8 24. Rd4 Bf8 25. Rxb4 Qxb4 26. Bc4 Bb5 27. Bb3 Re5 28. Qb2 Re4 29. Ng3 Rh4 30. Bg5 Bxc5 31. Bxh4 Qxh4 32. Qe5 Qb4 33. Rb1 Bxf2+ 34. Kxf2 Qd2+ 35. Kg1 Bc6 36. Qe2 Qd4+ 37. Kh2 Qf4 38. Rf1 Qd6 39. Rd1 1-0

[Event "Quebec-ch U20"]
[Site "Montreal CAN"]
[Date "1999.03.05"]
[Round "3"]
[White "Pescarus, Radu"]
[Black "Charbonneau, Pascal"]
[Result "1/2-1/2"]
[WhiteElo "1985"]
[BlackElo "2349"]
[PlyCount "48"]
[GameId "2160767911805554"]
[EventDate "1999.03.04"]
[EventType "tourn"]
[EventRounds "7"]
[EventCountry "CAN"]

1. e4 c5 2. f4 g6 3. Nf3 Bg7 4. c3 d5 5. Bb5+ Bd7 6. Bxd7+ Qxd7 7. d3 dxe4 8. dxe4 Qxd1+ 9. Kxd1 Nc6 10. Be3 b6 11. Nbd2 O-O-O 12. Kc2 Nf6 13. h3 h5 14. Ng5 Rhf8 15. Rad1 Rd7 16. Ndf3 e6 17. Rxd7 Kxd7 18. Ne5+ Nxe5 19. fxe5 Ng8 20. Rd1+ Ke7 21. Nh7 Rc8 22. Bg5+ Ke8 23. Nf6+ Nxf6 24. exf6 Bf8 1/2-1/2

[Event "Quebec-ch U20"]
[Site "Montreal CAN"]
[Date "1999.03.05"]
[Round "4"]
[White "Charbonneau, Pascal"]
[Black "Fortin, Marc"]
[Result "1-0"]
[WhiteElo "2349"]
[BlackElo "1989"]
[PlyCount "93"]
[GameId "2160767911805556"]
[EventDate "1999.03.04"]
[EventType "tourn"]
[EventRounds "7"]
[EventCountry "CAN"]

1. e4 c5 2. Nf3 d6 3. d4 cxd4 4. Nxd4 Nf6 5. Nc3 Nc6 6. Bg5 Bd7 7. Be2 Qa5 8. Bxf6 gxf6 9. Qd2 Qg5 10. Qxg5 fxg5 11. Nxc6 Bxc6 12. h4 Bg7 13. Kd2 gxh4 14. Rxh4 Bf6 15. Rg4 O-O-O 16. Ke3 h5 17. Rg3 h4 18. Rh3 Rdg8 19. Rh2 Be5 20. f4 Rg3+ 21. Bf3 Bf6 22. Rah1 e6 23. Ne2 Rg7 24. b3 Bd8 25. c4 Rf8 26. Nd4 e5 27. Nf5 exf4+ 28. Kd3 Rg6 29. Nxh4 Bxh4 30. Rxh4 f5 31. exf5 Rxf5 32. Bg4 Rxg4 33. Rxg4 f3 34. Rg7 Rf8 35. Rf1 d5 36. gxf3 dxc4+ 37. Kxc4 Bxf3 38. Kc5 b6+ 39. Kb4 Rf4+ 40. Ka3 Rf5 41. Rxa7 Kb8 42. Rg7 Ra5+ 43. Kb2 Bb7 44. Rf8+ Bc8 45. b4 Ra8 46. a3 b5 47. Rg5 1-0

[Event "Quebec-ch U20"]
[Site "Montreal CAN"]
[Date "1999.03.06"]
[Round "5"]
[White "Cormos, Eugene"]
[Black "Charbonneau, Pascal"]
[Result "1-0"]
[WhiteElo "2083"]
[BlackElo "2349"]
[PlyCount "82"]
[GameId "2160767911805559"]
[EventDate "1999.03.04"]
[EventType "tourn"]
[EventRounds "7"]
[EventCountry "CAN"]

1. e4 c5 2. c3 Nf6 3. e5 Nd5 4. d4 cxd4 5. cxd4 e6 6. Nf3 b6 7. Bd3 Be7 8. O-O Ba6 9. Nc3 Nxc3 10. bxc3 Bxd3 11. Qxd3 d5 12. exd6 Qxd6 13. Ba3 Qd8 14. Bxe7 Kxe7 15. Ne5 f6 16. Qe4 Qd5 17. Qg4 Kf8 18. c4 Qb7 19. f4 f5 20. Qh5 Nc6 21. Ng6+ hxg6 22. Qxh8+ Kf7 23. Qh3 Nxd4 24. Rad1 Nc6 25. Rd6 Rd8 26. Rfd1 Qe7 27. Qd3 Nb4 28. Qd2 Rxd6 29. Qxd6 Na6 30. Qd8 Nc5 31. Qb8 Ne4 32. h3 g5 33. fxg5 Qxg5 34. Qxa7+ Kg8 35. Qxb6 Kh7 36. Qd4 Qg3 37. c5 e5 38. Qd3 Qf2+ 39. Kh1 Qf4 40. Qf3 Qxf3 41. gxf3 Nf2+ 1-0

[Event "Quebec-ch U20"]
[Site "Montreal CAN"]
[Date "1999.03.06"]
[Round "6"]
[White "Hua, Lefong"]
[Black "Charbonneau, Pascal"]
[Result "1/2-1/2"]
[WhiteElo "2320"]
[BlackElo "2349"]
[PlyCount "102"]
[GameId "2160767911805566"]
[EventDate "1999.03.04"]
[EventType "tourn"]
[EventRounds "7"]
[EventCountry "CAN"]

1. c4 e5 2. e3 Nf6 3. Nc3 d6 4. Nge2 g6 5. d4 Nbd7 6. g3 Bg7 7. Bg2 O-O 8. O-O Nh5 9. Qc2 f5 10. dxe5 dxe5 11. Rd1 c6 12. b3 Qe7 13. a4 Qf7 14. Ba3 Re8 15. g4 fxg4 16. Ne4 Bf8 17. Bd6 Ndf6 18. Ng5 Qg7 19. c5 h6 20. Qc4+ Kh8 21. Nf7+ Kh7 22. Bxf8 Qxf8 23. Nd6 Be6 24. Qc2 Re7 25. Nc3 Ng7 26. a5 a6 27. Ra4 Nf5 28. Rb4 Rb8 29. Nde4 Nd5 30. Nxd5 cxd5 31. Ng3 e4 32. Rb6 Rc8 33. Ne2 g5 34. b4 Bg8 35. Nc3 Rd8 36. Qe2 h5 37. c6 bxc6 38. Rxc6 Nh4 39. Qxa6 Nxg2 40. Rf6 Rf7 41. Rxf7+ Qxf7 42. Kxg2 d4 43. Kg1 dxe3 44. fxe3 g3 45. hxg3 Rxd1+ 46. Nxd1 Qf3 47. Qd6 Bb3 48. Nf2 Qxe3 49. Qe7+ Kh6 50. Qf6+ Kh7 51. Qe7+ Kh6 1/2-1/2

[Event "Specialiste op"]
[Site "Montreal CAN"]
[Date "1999.01.23"]
[Round "2"]
[White "Charbonneau, Pascal"]
[Black "Hebert, Jean"]
[Result "1-0"]
[WhiteElo "2320"]
[BlackElo "2482"]
[PlyCount "71"]
[GameId "2160767911805722"]
[EventDate "1999.01.22"]
[EventType "swiss"]
[EventRounds "5"]
[EventCountry "CAN"]

1. e4 e6 2. d4 d5 3. Nd2 c5 4. exd5 exd5 5. Bb5+ Bd7 6. Qe2+ Be7 7. dxc5 Nf6 8. Nb3 O-O 9. Be3 Bg4 10. Nf3 a6 11. Bd3 Nc6 12. O-O-O a5 13. a4 Nb4 14. Bb5 Qc7 15. c3 Nc6 16. h3 Bh5 17. g4 Bg6 18. Nh4 Rfe8 19. Nxg6 hxg6 20. h4 Qe5 21. h5 g5 22. h6 g6 23. Qf3 Kh7 24. Rhe1 Qe4 25. Qxe4 dxe4 26. Rg1 Kxh6 27. Rg3 Rec8 28. Rh1+ Kg7 29. Bxg5 Ne5 30. Nd2 Bxc5 31. Bxf6+ Kxf6 32. Nxe4+ Ke7 33. f4 Nd7 34. Re1 Bb6 35. Nc5+ Kd8 36. Rd3 1-0

[Event "Specialiste op"]
[Site "Montreal CAN"]
[Date "1999.01.23"]
[Round "3"]
[White "Charbonneau, Pascal"]
[Black "Linskiy, Oleg"]
[Result "1/2-1/2"]
[WhiteElo "2320"]
[BlackElo "2438"]
[PlyCount "89"]
[GameId "2160767911805727"]
[EventDate "1999.01.22"]
[EventType "swiss"]
[EventRounds "5"]
[EventCountry "CAN"]

1. e4 d6 2. d4 Nf6 3. Nc3 g6 4. f4 Bg7 5. Nf3 O-O 6. e5 dxe5 7. dxe5 Qxd1+ 8. Kxd1 Nh5 9. Bc4 Bg4 10. Ke2 Nc6 11. Be3 Na5 12. Bd5 c6 13. Bb3 Nxb3 14. axb3 f6 15. e6 Bxe6 16. Kf2 Bg4 17. h3 Bxf3 18. Kxf3 e5 19. g3 f5 20. Rhd1 exf4 21. gxf4 a6 22. Na4 Nf6 23. Nc5 Nd5 24. Bd4 Bxd4 25. Rxd4 b6 26. Nd7 Rfd8 27. Ne5 c5 28. Rd2 Nc7 29. Rad1 Ne6 30. c3 Rxd2 31. Rxd2 Rd8 32. Rxd8+ Nxd8 33. Nd7 Nc6 34. Nxb6 Na5 35. b4 cxb4 36. cxb4 Nc6 37. Nd5 Kf7 38. Ke3 h6 39. h4 Kg7 40. Kd3 g5 41. fxg5 hxg5 42. hxg5 Kg6 43. Kc4 Kxg5 44. Kc5 Ne5 45. Kb6 1/2-1/2

[Event "Specialiste op"]
[Site "Montreal CAN"]
[Date "1999.01.24"]
[Round "4"]
[White "Desjardins, Andre"]
[Black "Charbonneau, Pascal"]
[Result "0-1"]
[WhiteElo "2236"]
[BlackElo "2320"]
[PlyCount "198"]
[GameId "2160767911805732"]
[EventDate "1999.01.22"]
[EventType "swiss"]
[EventRounds "5"]
[EventCountry "CAN"]

1. e4 c5 2. Nf3 Nc6 3. d4 cxd4 4. Nxd4 g6 5. c4 Nf6 6. Nc3 d6 7. Be2 Bg7 8. Be3 O-O 9. O-O Bd7 10. Rc1 Nxd4 11. Bxd4 Bc6 12. Bf3 Nd7 13. Bxg7 Kxg7 14. Qd4+ Kg8 15. Be2 a5 16. b3 Qb6 17. Qxb6 Nxb6 18. Nd5 Bxd5 19. exd5 Rfc8 20. f4 Nd7 21. Bg4 f5 22. Bf3 Rc7 23. a4 Nc5 24. Rc3 Kf7 25. Re1 Kf6 26. Rce3 h6 27. h4 Rg8 28. Bd1 Rg7 29. Bc2 Rc8 30. Kf2 Rcg8 31. Rf3 Rf7 32. Re2 Kg7 33. Rg3 Kf6 34. Rf3 Rff8 35. Rfe3 Re8 36. Rd2 e6 37. dxe6 Rxe6 38. Rxe6+ Kxe6 39. Rd5 Rf8 40. Kf3 h5 41. g3 Ra8 42. Rd1 Ra6 43. Re1+ Kd7 44. Re3 Rb6 45. Ke2 Na6 46. Kd2 Nb4 47. Bd1 d5 48. cxd5 Nxd5 49. Rd3 Ke6 50. Bf3 Nf6 51. Kc2 Ne4 52. Bg2 Rc6+ 53. Kb2 Rd6 54. Kc2 b6 55. Bxe4 fxe4 56. Re3 Kd5 57. Kd2 Kc5+ 58. Kc3 Kd5 59. Kd2 Rc6 60. g4 hxg4 61. Rg3 Ke6 62. Rxg4 Kf5 63. Rg1 Kxf4 64. Rf1+ Ke5 65. Rf8 Kd4 66. Rd8+ Kc5 67. Kc3 Re6 68. Rc8+ Kd5 69. Kd2 Rf6 70. Rd8+ Kc5 71. Ke3 Kb4 72. Kxe4 Kxb3 73. Rd4 Rc6 74. Ke5 Rc4 75. Rd6 Rb4 76. Rxg6 Kxa4 77. h5 Kb5 78. h6 Rh4 79. Kd6 Kb4 80. Kc6 b5 81. h7 Rxh7 82. Rg4+ Kb3 83. Kxb5 Rh5+ 84. Kc6 a4 85. Rg3+ Kb4 86. Rg4+ Ka5 87. Rg3 Rb5 88. Rg8 Rb3 89. Kc5 Rc3+ 90. Kd4 Rc7 91. Rb8 a3 92. Ra8+ Kb4 93. Rb8+ Ka4 94. Ra8+ Kb3 95. Rb8+ Kc2 96. Ra8 Rc3 97. Rh8 Kb2 98. Ra8 Rb3 99. Kc4 a2 0-1

[Event "Specialiste op"]
[Site "Montreal CAN"]
[Date "1999.01.24"]
[Round "5"]
[White "Charbonneau, Pascal"]
[Black "Voskanyan, Vahagn"]
[Result "1/2-1/2"]
[WhiteElo "2320"]
[BlackElo "2378"]
[PlyCount "93"]
[GameId "2160767911805736"]
[EventDate "1999.01.22"]
[EventType "swiss"]
[EventRounds "5"]
[EventCountry "CAN"]

1. e4 c6 2. d4 d5 3. exd5 cxd5 4. c4 Nf6 5. Nc3 g6 6. Qb3 Bg7 7. cxd5 O-O 8. Be2 Nbd7 9. Bf3 Nb6 10. Nge2 Bf5 11. O-O Qd7 12. Bf4 Bd3 13. d6 exd6 14. a4 d5 15. Rfd1 Bc4 16. Qc2 Rac8 17. Be5 Rfe8 18. Nf4 a5 19. b3 Ba6 20. Qd2 Qf5 21. h3 h5 22. Bxf6 Bxf6 23. g4 hxg4 24. hxg4 Qg5 25. Nfxd5 Nxd5 26. Nxd5 Bd8 27. Ne3 Qf4 28. Kg2 Bc7 29. Rh1 Kg7 30. Rh3 Rh8 31. Rah1 Rxh3 32. Rxh3 Rh8 33. Nc4 Bxc4 34. Qxf4 Bxf4 35. Rxh8 Kxh8 36. bxc4 b6 37. Bd5 Kg7 38. Kf3 g5 39. Ke4 Kf6 40. Bb7 Ke6 41. c5 bxc5 42. dxc5 f6 43. Bd5+ Kd7 44. Kf5 Be5 45. Ke4 Kc7 46. Kd3 Bf4 47. Kc4 1/2-1/2

[Event "CAN-ch 9899 U18"]
[Site "Vancouver CAN"]
[Date "1998.12.27"]
[Round "1"]
[White "Charbonneau, Pascal"]
[Black "Hua, Lefong"]
[Result "1-0"]
[WhiteElo "2270"]
[BlackElo "2240"]
[PlyCount "83"]
[GameId "2160767911805928"]
[EventDate "1998.12.27"]
[EventType "tourn"]
[EventRounds "11"]
[EventCountry "CAN"]
[SourceTitle "EXT 2002"]
[Source "ChessBase"]
[SourceDate "2001.11.25"]
[SourceVersion "1"]
[SourceVersionDate "2001.11.25"]
[SourceQuality "1"]

1. e4 c5 2. Nf3 d6 3. d4 cxd4 4. Nxd4 Nf6 5. Nc3 g6 6. g3 Bg7 7. Bg2 O-O 8. O-O Bg4 9. f3 Bd7 10. Be3 Nc6 11. Nde2 Ne5 12. b3 Qc8 13. Qd2 b5 14. Rad1 b4 15. Nd5 Nxd5 16. exd5 Qa6 17. Nd4 Rab8 18. h3 Bb5 19. Rfe1 Rfc8 20. Bh6 Bf6 21. Bg5 Qb6 22. Bxf6 exf6 23. Kh2 Bd3 24. Nc6 Nxc6 25. dxc6 Bf5 26. f4 Qc5 27. g4 Be6 28. Qxd6 Qxd6 29. Rxd6 Rb5 30. Red1 Rc5 31. R1d2 Kf8 32. R6d4 a5 33. a3 bxa3 34. Ra4 Ke7 35. Rxa3 Rb8 36. c4 a4 37. bxa4 Rxc4 38. a5 Rbb4 39. a6 Ra4 40. Rda2 Rxa3 41. Rxa3 Rc2 42. Kg3 1-0

[Event "CAN-ch 9899 U18"]
[Site "Vancouver CAN"]
[Date "1998.12.28"]
[Round "3"]
[White "Charbonneau, Pascal"]
[Black "Afrah, Navid"]
[Result "1-0"]
[WhiteElo "2270"]
[BlackElo "2195"]
[PlyCount "79"]
[GameId "2160767911805938"]
[EventDate "1998.12.27"]
[EventType "tourn"]
[EventRounds "11"]
[EventCountry "CAN"]
[SourceTitle "EXT 2002"]
[Source "ChessBase"]
[SourceDate "2001.11.25"]
[SourceVersion "1"]
[SourceVersionDate "2001.11.25"]
[SourceQuality "1"]

1. e4 c5 2. Nf3 Nc6 3. d4 cxd4 4. Nxd4 Nf6 5. Nc3 e5 6. Ndb5 d6 7. Bg5 a6 8. Na3 b5 9. Bxf6 gxf6 10. Nd5 f5 11. Bd3 Be6 12. O-O Rg8 13. Nxb5 axb5 14. Bxb5 Rc8 15. exf5 Bxd5 16. Qxd5 Qb6 17. a4 Ke7 18. Rfe1 Kf6 19. c3 Be7 20. Re3 Rg4 21. Rh3 e4 22. Rxh7 Ne5 23. Rxf7+ Nxf7 24. Qe6+ Kg5 25. Qxe7+ Kf4 26. Qxf7 Rcg8 27. Bf1 R8g5 28. g3+ Rxg3+ 29. hxg3+ Rxg3+ 30. Bg2 Rxg2+ 31. Kxg2 Qxb2 32. Qa2 Qb7 33. Qe2 Qg7+ 34. Kf1 Qh7 35. Qe3+ Kxf5 36. Kg2 Qg7+ 37. Qg3 Qb7 38. Rh1 Ke6 39. Qg8+ Ke5 40. Rh5+ 1-0

[Event "CAN-ch 9899 U18"]
[Site "Vancouver CAN"]
[Date "1998.12.30"]
[Round "7"]
[White "Charbonneau, Pascal"]
[Black "Henson, Joshua"]
[Result "1-0"]
[WhiteElo "2270"]
[BlackElo "2010"]
[PlyCount "57"]
[GameId "2160767911805958"]
[EventDate "1998.12.27"]
[EventType "tourn"]
[EventRounds "11"]
[EventCountry "CAN"]
[SourceTitle "EXT 2002"]
[Source "ChessBase"]
[SourceDate "2001.11.25"]
[SourceVersion "1"]
[SourceVersionDate "2001.11.25"]
[SourceQuality "1"]

1. e4 e6 2. d4 d5 3. Nd2 Nf6 4. e5 Nfd7 5. f4 c5 6. c3 Nc6 7. Ndf3 cxd4 8. cxd4 Qb6 9. a3 Be7 10. b4 f6 11. Bb2 O-O 12. Bd3 Kh8 13. h4 f5 14. Ne2 Qd8 15. g4 g6 16. gxf5 gxf5 17. Ng5 Nb6 18. Ng3 Qe8 19. Be2 Qg6 20. Rg1 Bd7 21. Rc1 Rac8 22. Nf1 Qh6 23. h5 Nd8 24. Rxc8 Bxc8 25. Bc1 Bd7 26. Qb3 Ba4 27. Qc3 a6 28. Qc7 Nc8 29. Qxc8 1-0